000 00630nam a2200229Ia 4500
003 OSt
005 20220928144624.0
006 a|||||r|||| 00| 0
007 ta
008 220927b |||||||| |||| 00| 0 eng d
024 _a72551
037 _cTextual
040 _aSDCL
_cSDCL
_beng
041 _2eng
_aeng
082 _aX:89k.7311'N7, M2
100 _aDanielson Michael N
_9508757
245 0 _aThe politics of Urban regional development.
260 _c1982
700 _a Doig Jameson
_9508758
942 _hX:89k.7311'N7, M2
_cTEXL
_2CC
999 _c828539
_d828539